00652 2200229 4500001002100000005001500021035002000036007000300056008004100059020001800100082000800118084001400126100002900140245009200169250001100261260003600272300004000308650002100348504003100369990001100400990001100411INLIS00000000000188320180413083816 a0010-0418000040ta180413 g 0 ind  a979-666-233-7 a302 a302 SAR p0 aSARLITO, Wirawan sarwono1 aPsikologi Sosial :bPsikologi Kelompok dan Psikologi Terapan /cSarlito Wirawan sarwono acet. 1 aJakarta :bBalai Pustaka,c2005 ax; 322 hlm :b.ilus ;c14,5 x 21 cm aPsikologi Sosial aBIBLIOGRAFI: hlm 263 - 310 a2166 A a2166 B